Statistiques concernant Capitale d'Europe selon la photo

Cliquez ici pour prendre le quiz!

Statistiques générales

  • Ce quiz a été pris 21 fois
  • Le résultat moyen est 6 sur 27

Statistiques - réponses

Réponse% Correct
berlin
74%
bruxelles
63%
paris
58%
lisbonne
53%
rome
42%
athène
32%
madrid
32%
amsterdam
26%
bucarest
26%
la valette
26%
budapest
21%
prague
21%
sofia
21%
zagreb
21%
copenhague
16%
reykjavik
16%
ljubljana
11%
nicosie
11%
riga
11%
vilnius
11%
bratislava
5%
dublin
5%
helsinki
5%
Luxembourg
5%
stockholm
5%
vienne
5%
talinn
0%

Distribution des résultats

Percentile par nombre de réponses

% des personnes avec chaque résultat

Votre développement - résultats

Vous n’avez pas pris ce quiz